Les poteries et les faïences françaises.
Saved in:
| Main Author: | |
|---|---|
| Other Authors: | |
| Format: | Book |
| Language: | French |
| Published: |
Paris,
Tardy
[1957-61]
|
| Series: | v. 3-4: collection Tardy, 98, 101
|
| Subjects: | |
| Tags: |
Add Tag
No Tags, Be the first to tag this record!
|
| LEADER | 01077cam a2200289 4500 | ||
|---|---|---|---|
| 001 | 005299193-8 | ||
| 005 | 20020606095253.2 | ||
| 008 | 710222m19571961fr a d 000 0dfre c | ||
| 010 | |a a 58002072 //r873 | ||
| 035 | 0 | |a ocm01218908 | |
| 040 | |a Ohio State Univ. Libr. |c DLC |d HFL | ||
| 043 | |a e-fr--- | ||
| 050 | 0 | |a NK4097 |b .L4 | |
| 100 | 1 | |a Lesur, Adrien. | |
| 245 | 1 | 4 | |a Les poteries et les faïences françaises. |c Par Adrien Lesur et Tardy. |
| 260 | |a Paris, |b Tardy |c [1957-61] | ||
| 300 | |a 5 v. |b illus. |c 19 cm. | ||
| 490 | 0 | |a v. 3-4: collection Tardy, 98, 101 | |
| 500 | |a Vols. 3 and 4 are no. 98 and 101 respectively of Collection Tardy. | ||
| 500 | |a Vol. 5: Les documents ont été relevés par Odette Dumaret. | ||
| 500 | |a Vol. 5 issued in portfolio in a case. | ||
| 505 | 0 | |a 1. ptie. Abancourt à Mennecy.--2. ptie. Mens à Romanèche.--3. ptie. Ronchamp à Yutz.--4. ptie. Notes complémentaires et tables.--5. ptie. Décors caractéristiques. | |
| 650 | 0 | |a Pottery, French. | |
| 650 | 0 | |a Faience |z France. | |
| 700 | 1 | |a Tardy. | |
| 988 | |a 20020608 | ||
| 906 | |0 OCLC | ||


